Chilling costs looming (Record no. 83591)

MARC details
000 -LEADER
fixed length control field 00834cab a22002055a 4500
001 - CONTROL NUMBER
control field L154359
008 - FIXED-LENGTH DATA ELEMENTS--GENERAL INFORMATION
fixed length control field 111117e20111112xxk 000 0 eng d
035 ## - SYSTEM CONTROL NUMBER
System control number (Sirsi) u154359
041 0# - LANGUAGE CODE
Language code of text/sound track or separate title eng
100 1# - MAIN ENTRY--PERSONAL NAME
Personal name Lemmon, Stephen
245 00 - TITLE STATEMENT
Title Chilling costs looming
260 ## - PUBLICATION, DISTRIBUTION, ETC.
Date of publication, distribution, etc. 2011
490 ## - SERIES STATEMENT
Series statement Estates Gazette
Volume/sequential designation (1145) 12 November 2011, 92-93(2)
520 ## - SUMMARY, ETC.
Summary, etc. Assesses the impact the ban on the use of HCFC R22 in existing air conditioning systems from 1 January 2015 will have for facilities managers, landlords and tenants. Timeline tracing the history and future banning of the use of R22.
590 ## - LOCAL NOTE (RLIN)
Local note KA
651 #4 - SUBJECT ADDED ENTRY--GEOGRAPHIC NAME
Geographic name United Kingdom
Chronological subdivision
690 ## - LOCAL SUBJECT ADDED ENTRY--TOPICAL TERM (OCLC, RLIN)
Topical term or geographic name as entry element BUILT ENVIRONMENT-BUILDING ELEMENTS-COMPLETE BUILDING SERVICES ELEMENTS-COMPLETE HEATING, VENTILATION AND AIR CONDITIONING SYSTEMS
700 1# - ADDED ENTRY--PERSONAL NAME
Personal name King, Vivien
942 ## - ADDED ENTRY ELEMENTS (KOHA)
Suppress in OPAC 0
Holdings
Withdrawn status Lost status Source of classification or shelving scheme Damaged status Not for loan Home library Current library Shelving location Date acquired Total Checkouts Full call number Barcode Date last seen Copy number Price effective from Koha item type
    Dewey Decimal Classification     London London Journal article 17/11/2011   L154359 154359-1001 06/08/2019 1 06/08/2019 Journal article